000
00293nam a2200097Ia 4500
005
20251222154358.0
008
251222s9999||||xx |||||||||||||| ||spa||
082
_a
REF.985.008/C76/T.V/V.II
245
0
_a
La acción patriótica del pueblo en la emancipación: Guerrillas y montoneras
942
_c
LIB
999
_c
35184
_d
35184